The best of the computer faires
Gorde:
| Egile nagusia: | |
|---|---|
| Formatua: | Liburua |
| Hizkuntza: | Undetermined |
| Argitaratua: |
San Francisco
The Civic Auditorium
1980
|
| Gaiak: | |
| Etiketak: |
Etiketa erantsi
Etiketarik gabe, Izan zaitez lehena erregistro honi etiketa jartzen!
|
| Thư viện lưu trữ: | Trung tâm Học liệu Trường Đại học Cần Thơ |
|---|
| LEADER | 00543nam a2200193Ia 4500 | ||
|---|---|---|---|
| 001 | CTU_99099 | ||
| 008 | 210402s9999 xx 000 0 und d | ||
| 082 | |a 001.64 | ||
| 082 | |b W289 | ||
| 100 | |a Warren, Jim C. | ||
| 245 | 4 | |a The best of the computer faires | |
| 245 | 0 | |c Jim C. Warren | |
| 260 | |a San Francisco | ||
| 260 | |b The Civic Auditorium | ||
| 260 | |c 1980 | ||
| 650 | |a Electronic digital computers,Minicomputers | ||
| 650 | |x Congresses,Congresses | ||
| 904 | |i Truc | ||
| 980 | |a Trung tâm Học liệu Trường Đại học Cần Thơ | ||